Harry Potter: les Moldus - Statistiques

Statistiques générales
  • Ce quiz a été pris 85 fois
  • Le résultat moyen est 8 sur 18
Statistiques - réponses
Information Réponses % Correct
Moldu connu Dudley Dursley
97%
Moldue connue Pétunia Dursley
97%
Moldu connu Vernon Dursley
97%
Première apparition Harry Potter à l’école des sorciers
96%
Dernière apparition Harry Potter et les Reliques de la Mort
92%
Définition Personne sans pouvoirs magiques
89%
Moldue connue Marge Dursley
67%
Moldue connue Mrs Granger
51%
Moldu connu Mr Granger
44%
Moldu connu Piers Polkiss
29%
Autre nom Non Maj’
28%
Moldu connu Tom Jedusor Sr
19%
Moldu connu Frank Bryce
14%
Moldu connu Mr Mason
11%
Moldue connue Mrs Mason
11%
Moldu connu Tobias Rogue
4%
Moldue connue Mrs Cole
1%
Moldu connu Billy Stubbs
0%
Aucun quiz correspondant
Distribution des résultats
% des personnes avec chaque résultat
Percentile par nombre de réponses
Votre historique - résultats
Vous n’avez pas pris ce quiz